| 000 | 00388nam a22001577a 4500 | ||
|---|---|---|---|
| 003 | OSt | ||
| 005 | 20211008113714.0 | ||
| 008 | 211008b |||||||| |||| 00| 0 eng d | ||
| 040 | _a SEKU | ||
| 050 |
_aPS 3553 _b.I33 |
||
| 100 | _a Cielec, Greg | ||
| 245 |
_a Home and away games : _ba novella |
||
| 300 | _a92p.: | ||
| 650 |
_vOhio _xHigh school students _zCleveland |
||
| 942 |
_2lcc _cGEN |
||
| 999 |
_c18034 _d18034 |
||